000 00240nam a22000857a 4500
008 170202b xxu||||| |||| 00| 0 eng d
100 _92736
_aCBSE
245 _aCBSE Sample paper in English Class XII -U- Like
260 _aNew Delhi
_bBest Book
_c2013
999 _c5912
_d5912